| 000 | 00750nam a2200229Ia 4500 | ||
|---|---|---|---|
| 003 | OSt | ||
| 005 | 20220927105232.0 | ||
| 006 | a|||||r|||| 00| 0 | ||
| 007 | ta | ||
| 008 | 220926b |||||||| |||| 00| 0 eng d | ||
| 024 | _a188086 | ||
| 037 | _cReference Collections | ||
| 040 |
_aRTL _cRTL _beng |
||
| 041 |
_2eng _aeng |
||
| 082 | _a"X:76.2.N66<-N48, L4/SC" | ||
| 100 |
_aSreenivas M.A. _9371213 |
||
| 245 | 0 |
_aPrice behaviour in India-1948-49 to 1965-66 _b A comparative study of three macro-approches. |
|
| 260 |
_aBombay _bVora & Co. Publishing Pvt. Ltd. _c1974 |
||
| 300 |
_a"xlviii,186p." _ccm. |
||
| 942 |
_h"X:76.2.N66<-N48, L4/SC" _cCC |
||
| 999 |
_c691438 _d691438 |
||